Statistiken für Fußball - Deutsche Torschützen bei WM und EM

Klicken Sie hier um das Quiz zu spielen!

Allgemein

  • Dieses Quiz wurde 3.149 mal gespielt
    (1.478 seit der letzten Aktualisierung)
  • Das Durchschnittsergebnis liegt bei 125 aus 252

Antwortstatistiken

TurnierendrundeGegnerAntwort% Korrekt
WM 1974Australien (BRD)Gerd Müller
99%
WM 1970EnglandGerd Müller
99%
WM 1974Jugoslawien (BRD)Gerd Müller
99%
WM 1974Polen (BRD)Gerd Müller
99%
WM 1974Niederlande (BRD)Gerd Müller
99%
WM 1970MarokkoGerd Müller
99%
WM 1970ItalienGerd Müller (2x)
99%
EM 1972SowjetunionGerd Müller (2x)
99%
EM 1972BelgienGerd Müller (2x)
99%
WM 1970BulgarienGerd Müller (3x)
99%
WM 1970PeruGerd Müller (3x)
99%
WM 2010UruguayThomas Müller
99%
WM 2010ArgentinienThomas Müller
99%
WM 2010AustralienThomas Müller
99%
WM 2014USAThomas Müller
99%
WM 2010EnglandThomas Müller (2x)
99%
WM 2014PortugalThomas Müller (3x)
99%
EM 1976JugoslawienDieter Müller
98%
EM 1976TschechoslowakeiDieter Müller
98%
WM 1978MexikoDieter Müller
98%
WM 1978NiederlandeDieter Müller
98%
WM 1978MexikoHansi Müller
97%
EM 2012GriechenlandMiroslav Klose
96%
WM 2010AustralienMiroslav Klose
96%
WM 2014GhanaMiroslav Klose
96%
EM 2008TürkeiMiroslav Klose
96%
WM 2010EnglandMiroslav Klose
96%
WM 2002IrlandMiroslav Klose
96%
WM 2014BrasilienMiroslav Klose
96%
WM 2002KamerunMiroslav Klose
96%
WM 2006ArgentinienMiroslav Klose
96%
EM 2008PortugalMiroslav Klose
96%
WM 2006EcuadorMiroslav Klose (2x)
96%
WM 2010ArgentinienMiroslav Klose (2x)
96%
WM 2006Costa RicaMiroslav Klose (2x)
96%
WM 2002Saudi ArabienMiroslav Klose (3x)
96%
WM 2014ArgentinienMario Götze
89%
WM 2014GhanaMario Götze
89%
WM 2018SchwedenToni Kroos
87%
WM 2014BrasilienToni Kroos (2x)
87%
EM 2008TürkeiBastian Schweinsteiger
84%
EM 2016UkraineBastian Schweinsteiger
84%
EM 2008PortugalBastian Schweinsteiger
84%
WM 2006PortugalBastian Schweinsteiger (2x)
84%
WM 2014PortugalMats Hummels
84%
WM 2014FrankreichMats Hummels
84%
EM 2012GriechenlandPhilipp Lahm
82%
WM 2006Costa RicaPhilipp Lahm
82%
EM 2008TürkeiPhilipp Lahm
82%
WM 2022Costa RicaNiclas Füllkrug
80%
WM 2022SpanienNiclas Füllkrug
80%
WM 2014AlgerienAndré Schürrle
79%
WM 2010GhanaMesut Özil
79%
EM 2012ItalienMesut Özil
79%
WM 2014AlgerienMesut Özil
79%
EM 2016ItalienMesut Özil
79%
EM 2012GriechenlandSami Khedira
76%
WM 2010UruguaySami Khedira
76%
WM 2014BrasilienSami Khedira
76%
WM 2006EcuadorLukas Podolski
75%
WM 2010AustralienLukas Podolski
75%
EM 2012DänemarkLukas Podolski
75%
WM 2010EnglandLukas Podolski
75%
EM 2008KroatienLukas Podolski
75%
EM 2008PolenLukas Podolski (2x)
75%
WM 2006SchwedenLukas Podolski (2x)
75%
EM 2016SlowakeiJerome Boateng
74%
EM 2021UngarnKai Havertz
74%
EM 2021PortugalKai Havertz
74%
WM 2022Costa RicaKai Havertz (2x)
74%
WM 1994BulgarienLothar Matthäus
71%
WM 1990JugoslawienLothar Matthäus
71%
WM 1990VAELothar Matthäus
71%
EM 1988NiederlandeLothar Matthäus
71%
WM 1986MarokkoLothar Matthäus
71%
WM 2022Costa RicaSerge Gnabry
71%
EM 2016SlowakeiMario Gomez
70%
EM 2012PortugalMario Gomez
70%
EM 2016NordirlandMario Gomez
70%
EM 2012NiederlandeMario Gomez (2x)
70%
WM 1966SowjetunionFranz Beckenbauer
69%
WM 1966UruguayFranz Beckenbauer
69%
WM 1970EnglandFranz Beckenbauer
69%
WM 2018SchwednMarco Reus
69%
EM 2012GriechenlandMarco Reus
69%
WM 1966SchweizFranz Beckenbauer (2x)
68%
EM 2021UngarnLeon Goretzka
65%
WM 2002USAMichael Ballack
64%
WM 2002SüdkoreaMichael Ballack
64%
EM 2004TschechienMichael Ballack
64%
EM 2008PortugalMichael Ballack
64%
WM 2002Saudi ArabienMichael Ballack
64%
EM 2008ÖsterreichMichael Ballack
64%
WM 2022JapanIlkay Gündogan
62%
WM 1990JugoslawienLothar Matthäus (2x)
61%
WM 2014BrasilienAndré Schürrle (2x)
60%
WM 1958FrankreichHelmut Rahn
55%
WM 1958JugoslawienHelmut Rahn
55%
WM 1958TschecheslowakeiHelmut Rahn
55%
WM 1954UngarnHelmut Rahn
55%
WM 1958NordirlandHelmut Rahn
55%
WM 1954JugoslawienHelmut Rahn
55%
WM 1982AlgerienKarl-Heinz Rummenigge
55%
EM 1980TschechoslowakeiKarl-Heinz Rummenigge
55%
WM 1978ÖsterreichKarl-Heinz Rummenigge
55%
WM 1982FrankreichKarl-Heinz Rummenigge
55%
WM 1986ArgentinienKarl-Heinz Rummenigge
55%
WM 1986ArgentinienKarl-Heinz Rummenigge
55%
WM 1958ArgentinienHelmut Rahn (2x)
54%
WM 1954UngarnHelmut Rahn (2x)
54%
WM 1986FrankreichRudi Völler
54%
WM 1990JugoslawienRudi Völler
54%
WM 1986SchottlandRudi Völler
54%
WM 1990VAERudi Völler (2x)
54%
EM 1984SpanienRudi Völler (2x)
54%
WM 1994BelgienRudi Völler (2x)
54%
EM 1988SpanienRudi Völler (2x)
54%
WM 1998USAJürgen Klinsmann
51%
EM 1996KroatienJürgen Klinsmann
51%
WM 1994BelgienJürgen Klinsmann
51%
WM 1994SpanienJürgen Klinsmann
51%
WM 1994BolivienJürgen Klinsmann
51%
EM 1992NiederlandeJürgen Klinsmann
51%
WM 1998MexikoJürgen Klinsmann
51%
WM 1990NiederlandeJürgen Klinsmann
51%
WM 1990VAEJürgen Klinsmann
51%
WM 1998IranJürgen Klinsmann
51%
WM 1990JugoslawienJürgen Klinsmann
51%
EM 1988DänemarkJürgen Klinsmann
51%
WM 1994SüdkoreaJürgen Klinsmann (2x)
51%
EM 1996RusslandJürgen Klinsmann (2x)
51%
EM 2021PortugalRobin Gosens
51%
WM 1966UruguayUwe Seeler
49%
WM 1970EnglandUwe Seeler
49%
WM 1970BulgarienUwe Seeler
49%
WM 1970MarokkoUwe Seeler
49%
WM 1966SpanienUwe Seeler
49%
WM 1958NordirlandUwe Seeler
49%
WM 1962ChileUwe Seeler
49%
WM 1958ArgentinienUwe Seeler
49%
WM 1962SchweizUwe Seeler
49%
WM 1978MexikoKarl-Heinz Rummenigge (2x)
47%
WM 1982ChileKarl-Heinz Rummenigge (3x)
47%
WM 1974Schweden (BRD)Uli Hoeneß
47%
WM 1990NiederlandeAndreas Brehme
43%
EM 1988ItalienAndreas Brehme
43%
WM 1986FrankreichAndreas Brehme
43%
WM 1990EnglandAndreas Brehme
43%
WM 1990ArgentinienAndreas Brehme
43%
WM 1998IranOliver Bierhoff
43%
WM 1998JugoslawienOliver Bierhoff
43%
WM 1998MexikoOliver Bierhoff
43%
WM 2002Saudi ArabienOliver Bierhoff
43%
EM 1996TschechienOliver Bierhoff (2x)
43%
WM 1954TürkeiFritz Walter
42%
WM 1954ÖsterreichFritz Walter (2x)
42%
WM 1954ÖsterreichOttmar Walter (2x)
42%
WM 1954TürkeiOttmar Walter
40%
WM 1954TürkeiOttmar Walter
40%
WM 2002ParaguayOliver Neuville
39%
WM 2006PolenOliver Neuville
39%
EM 2016SlowakeiJulian Draxler
37%
EM 2004NiederlandeTorsten Frings
36%
WM 2006Costa RicaTorsten Frings
36%
WM 2010ArgentinienArne Friedrich
35%
EM 1996KroatienMatthias Sammer
33%
EM 1996RusslandMatthias Sammer
33%
WM 2002Saudi ArabienBernd Schneider
29%
WM 2010AustralienCacau
29%
WM 1974Niederlande (BRD)Paul Breitner
29%
WM 1982ItalienPaul Breitner
29%
WM 1974Chile (BRD)Paul Breitner
29%
WM 1974Jugoslawien (BRD)Paul Breitner
29%
EM 2016UkraineShkodran Mustafi
28%
EM 1992SchottlandStefan Effenberg
25%
WM 1982FrankreichKlaus Fischer
24%
WM 1982SpanienKlaus Fischer
24%
EM 2000RumänienMehmet Scholl
24%
WM 2002Saudi ArabienCarsten Jancker
23%
WM 1998USAAndreas Möller
21%
EM 1996TschechienAndreas Möller
21%
WM 1982ÖsterreichHorst Hrubesch
20%
EM 1980BelgienHorst Hrubesch (2x)
20%
EM 2012DänemarkLars Bender
20%
WM 1954UngarnMax Morlock
20%
WM 1954TürkeiMax Morlock
20%
WM 1954ÖsterreichMax Morlock
20%
WM 1954TürkeiMax Morlock (3x)
19%
WM 1986SchottlandKlaus Allofs
18%
WM 1986UruguayKlaus Allofs
18%
WM 2010UruguayMarcell Jansen
18%
WM 1982FrankreichPierre Littbarski
18%
WM 1990KolumbienPierre Littbarski
18%
WM 1982SpanienPierre Littbarski
18%
EM 1992SchwedenThomas Häßler
17%
EM 1992GUSThomas Häßler
17%
WM 1974Australien (BRD)Wolfgang Overath
17%
WM 1970UruguayWolfgang Overath
17%
WM 1974Schweden (BRD)Wolfgang Overath
17%
EM 1980NiederlandeKlaus Allofs (3x)
16%
WM 1994SüdkoreaKarl-Heinz Riedle
15%
EM 1992SchottlandKarl-Heinz Riedle
15%
EM 1992SchwedenKarl-Heinz Riedle
15%
WM 2002KamerunMarco Bode
15%
EM 1996TschechienChristian Ziege
13%
WM 1958SchwedenHans Schäfer
13%
WM 1958FrankreichHans Schäfer
13%
WM 1954TürkeiHans Schäfer
13%
WM 1954ÖsterreichHans Schäfer
13%
WM 1958TschecheslowakeiHans Schäfer
13%
WM 1954TürkeiHans Schäfer (2x)
13%
WM 1974Chile (DDR)Martin Hoffmann
13%
EM 1996EnglandStefan Kuntz
13%
EM 1976TschechoslowakeiBernd Hölzenbein
12%
WM 1978ÖsterreichBernd Hölzenbein
12%
WM 1974Schweden (BRD)Jürgen Grabowski
12%
EM 1988DänemarkOlaf Thon
12%
WM 1974BRD (DDR)Jürgen Sparwasser
11%
WM 2002Saudi ArabienThomas Linke
11%
WM 1966SowjetunionHelmut Haller
10%
WM 1966EnglandHelmut Haller
10%
WM 1966SchweizHelmut Haller (2x)
10%
WM 1966UruguayHelmut Haller (2x)
10%
WM 1970ItalienKarl-Heinz Schnellinger
10%
WM 1966SpanienLothar Emmerich
10%
WM 1974Schweden (BRD)Rainer Bonhof
10%
WM 1990VAEUwe Bein
10%
WM 1974Australien (DDR)Joachim Streich
8%
WM 1974Argentinien (DDR)Joachim Streich
8%
WM 1970BulgarienStan Libuda
8%
WM 1966EnglandWolfgang Weber
8%
EM 1976JugoslawienHeinz Flohe
7%
WM 1978MexikoHeinz Flohe (2x)
7%
WM 1954UngarnRichard Herrmann
7%
WM 1934ÖsterreichEdmund Conen
6%
WM 1934BelgienEdmund Conen (3x)
6%
WM 1934ÖsterreichErnst Lehner (2x)
6%
EM 1972SowjetunionHerbert Wimmer
6%
WM 1966SchweizSigfried Held
6%
WM 1954UngarnAlfred Pfaff
5%
WM 1974Australien (BRD)Bernhard Cullmann
5%
WM 1954TürkeiBernhard Klott
5%
WM 1934BelgienOtto Siffling
5%
WM 1978NiederlandeRüdiger Abramczik
5%
WM 1962SchweizAlbert Brülls
4%
WM 1962ChileHorst Szymaniak
4%
WM 1934SchwedenKarl Hohmann (2x)
4%
WM 1982ChileUwe Reinders
4%
WM 1938SchweizWilhelm Hahnemann
4%
WM 1958FrankreichHans Cieslarczyk
3%
WM 1934TschecheslowakeiRudolf Noack
3%
WM 1934BelgienStanislaus Kobierski
3%

Verteilung der Resultate

Perzentil nach korrekt beantworteten Fragen

Anzahl Personen mit jedem Resultat

Ihre Resultats-Entwicklung

Sie haben dieses Quiz seit der letzten Aktualisierung nicht gespielt